00837cam a2200229 a 450000100100000000500170001000800410002704000250006808200230009310000410011624501070015725000110026426000350027530000270031049000470033750000330038450000430041765000240046065000260048465000480051083000490055800002015420240226144327.0770802s1971 sp 001 e spa d aDO-SdBNPbspacBNPHU a864.6bD542h, 19711 aDíaz-Plaja, Guillermo, d1909-198410aHacia un concepto de la literatura española :bensayos elegidos 1931-1941 /cGuillermo Díaz-Plaja. a5a ed. aMadrid :bEspasa-Calpe,c1971. a159, [16] p. ;c18 cm.1 aAustral. Verde: ensayos y filosofíav297 aIncluye índice de autores. aIncluye notas al pie de las páginas. 4aEnsayos españoles 4aLiteratura española 4aLiteratura españolaxHistoria y crítica 0aAustral. Verde: ensayos y filosofía ;v297